000 01142nmm a2200373 a 4500
003 AR-BaBNM
005 20251128210249.0
008 069019s1998 ||||||||||||||000 | spa||
020 _a950-23-0824-7
040 _cAR-BaBNM
100 1 _aRomero, Ricardo
245 1 0 _aLa lucha continúa
_bel movimiento estudiantil argentino en el siglo XX
250 _a1ª ed.
260 _aBuenos Aires
_bEudeba
_bFederación Universitaria de Buenos Aires
_c1998
300 _a279 p.
500 _aDedicatoria al ministro Juan José LLach
504 _aContiene bibliografía p. 273-279
600 1 4 _aYrigoyen, Hipólito
600 1 4 _aPerón, Juan Domingo
600 1 4 _aOngania, Juan Carlos
650 4 _aHISTORIA ARGENTINA
650 4 _aHISTORIA DE LA EDUCACION
650 4 _aESTUDIANTES UNIVERSITARIOS
650 4 _aORGANIZACIONES DE ESTUDIANTES
650 4 _aMOVIMIENTOS ESTUDIANTILES
650 4 _aUNIVERSIDADES
651 4 _aArgentina
653 _aCENTROS DE ESTUDIANTES
653 _aREFORMA UNIVERSITARIA
653 _aNEOLIBERALISMO
700 1 _aTorres, Alejandra
_ecolaborador
942 _cBK
998 _cRaquel
999 _c14697
_d14697